<?xml version="1.0" encoding="UTF-8"?>
<record
    xmlns:xsi="http://www.w3.org/2001/XMLSchema-instance"
    xsi:schemaLocation="http://www.loc.gov/MARC21/slim http://www.loc.gov/standards/marcxml/schema/MARC21slim.xsd"
    xmlns="http://www.loc.gov/MARC21/slim">

  <leader>01723cam a2200409 i 4500</leader>
  <controlfield tag="001">zz2004905712</controlfield>
  <controlfield tag="003">NUKAT</controlfield>
  <controlfield tag="005">20260420192654.0</controlfield>
  <controlfield tag="008">040413s1935    pl a         |001 0bfreoc</controlfield>
  <datafield tag="035" ind1=" " ind2=" ">
    <subfield code="a">(OCoLC)168868755</subfield>
  </datafield>
  <datafield tag="035" ind1=" " ind2=" ">
    <subfield code="a">(NUKAT)zz2004905712</subfield>
  </datafield>
  <datafield tag="040" ind1=" " ind2=" ">
    <subfield code="a">GD U/ang</subfield>
    <subfield code="c">GD U/ang</subfield>
    <subfield code="d">GD U/DC</subfield>
    <subfield code="d">GD U/KMs</subfield>
    <subfield code="d">GD U/EB</subfield>
    <subfield code="d">OLSZT 008/LL</subfield>
  </datafield>
  <datafield tag="245" ind1="0" ind2="0">
    <subfield code="a">Etienne Batory :</subfield>
    <subfield code="b">roi de Pologne, prince de Transylvanie /</subfield>
    <subfield code="c">Acad&#xE9;mie Polonaise des Sciences et des Lettres, Acad&#xE9;mie des Sciences Hongroise.</subfield>
  </datafield>
  <datafield tag="260" ind1=" " ind2=" ">
    <subfield code="a">Cracovie :</subfield>
    <subfield code="b">Universit&#xE9; des Jagellons,</subfield>
    <subfield code="c">1935.</subfield>
  </datafield>
  <datafield tag="300" ind1=" " ind2=" ">
    <subfield code="a">591 s., [4] k. tabl. z&#x142;o&#x17C;. :</subfield>
    <subfield code="b">il. ;</subfield>
    <subfield code="c">25 cm.</subfield>
  </datafield>
  <datafield tag="336" ind1=" " ind2=" ">
    <subfield code="a">Tekst</subfield>
    <subfield code="b">txt</subfield>
    <subfield code="2">rdacontent</subfield>
  </datafield>
  <datafield tag="337" ind1=" " ind2=" ">
    <subfield code="a">Bez urz&#x105;dzenia po&#x15B;rednicz&#x105;cego</subfield>
    <subfield code="b">n</subfield>
    <subfield code="2">rdamedia</subfield>
  </datafield>
  <datafield tag="338" ind1=" " ind2=" ">
    <subfield code="a">Wolumin</subfield>
    <subfield code="b">nc</subfield>
    <subfield code="2">rdacarrier</subfield>
  </datafield>
  <datafield tag="380" ind1=" " ind2=" ">
    <subfield code="a">Ksi&#x105;&#x17C;ki</subfield>
  </datafield>
  <datafield tag="504" ind1=" " ind2=" ">
    <subfield code="a">"Bibliographie Hongriose d'Etienne B&#xE1;thory" s. 513-524. Indeks.</subfield>
  </datafield>
  <datafield tag="504" ind1=" " ind2=" ">
    <subfield code="a">"Bibliographie Polonaise d'Etienne Batory" s. 525-563.</subfield>
  </datafield>
  <datafield tag="600" ind1="0" ind2="7">
    <subfield code="a">Stefan Batory</subfield>
    <subfield code="c">(kr&#xF3;l Polski ;</subfield>
    <subfield code="d">1533-1586)</subfield>
    <subfield code="2">DBN</subfield>
    <subfield code="9">40307</subfield>
  </datafield>
  <datafield tag="600" ind1="0" ind2="4">
    <subfield code="a">Stefan Batory</subfield>
    <subfield code="c">(kr&#xF3;l Polski ;</subfield>
    <subfield code="d">1533-1586).</subfield>
    <subfield code="2">kaba</subfield>
    <subfield code="9">231</subfield>
  </datafield>
  <datafield tag="648" ind1=" " ind2="7">
    <subfield code="a">1501-1600</subfield>
    <subfield code="2">DBN</subfield>
    <subfield code="9">36032</subfield>
  </datafield>
  <datafield tag="650" ind1=" " ind2="7">
    <subfield code="a">W&#x142;adcy i w&#x142;adczynie</subfield>
    <subfield code="2">DBN</subfield>
    <subfield code="9">35698</subfield>
  </datafield>
  <datafield tag="651" ind1=" " ind2="7">
    <subfield code="a">Polska</subfield>
    <subfield code="2">DBN</subfield>
    <subfield code="9">35076</subfield>
  </datafield>
  <datafield tag="651" ind1=" " ind2="7">
    <subfield code="a">Siedmiogr&#xF3;d (Rumunia ; kraina historyczna)</subfield>
    <subfield code="2">DBN</subfield>
    <subfield code="9">36215</subfield>
  </datafield>
  <datafield tag="651" ind1=" " ind2="7">
    <subfield code="a">Polska</subfield>
    <subfield code="y">1575-1586 (Stefan Batory).</subfield>
    <subfield code="2">kaba</subfield>
    <subfield code="9">35490</subfield>
  </datafield>
  <datafield tag="651" ind1=" " ind2="7">
    <subfield code="a">Siedmiogr&#xF3;d (Rumunia)</subfield>
    <subfield code="y">1526-1691.</subfield>
    <subfield code="2">kaba</subfield>
    <subfield code="9">40306</subfield>
  </datafield>
  <datafield tag="655" ind1=" " ind2="7">
    <subfield code="a">Biografia</subfield>
    <subfield code="2">DBN</subfield>
    <subfield code="9">35059</subfield>
  </datafield>
  <datafield tag="658" ind1=" " ind2=" ">
    <subfield code="a">Historia</subfield>
  </datafield>
  <datafield tag="658" ind1=" " ind2=" ">
    <subfield code="a">Polityka, politologia, administracja publiczna</subfield>
  </datafield>
  <datafield tag="710" ind1="2" ind2=" ">
    <subfield code="a">Polska Akademia Umiej&#x119;tno&#x15B;ci (1919-1952).</subfield>
    <subfield code="9">1634</subfield>
  </datafield>
  <datafield tag="710" ind1="2" ind2=" ">
    <subfield code="a">Magyar Tudom&#xE1;nyos Akad&#xE9;mia.</subfield>
    <subfield code="9">40305</subfield>
  </datafield>
  <datafield tag="710" ind1="2" ind2=" ">
    <subfield code="a">Uniwersytet Jagiello&#x144;ski.</subfield>
    <subfield code="e">Wydawca</subfield>
    <subfield code="4">pbl</subfield>
  </datafield>
  <datafield tag="942" ind1=" " ind2=" ">
    <subfield code="2">ddc</subfield>
    <subfield code="c">BK_NM</subfield>
  </datafield>
  <datafield tag="999" ind1=" " ind2=" ">
    <subfield code="c">27697</subfield>
    <subfield code="d">27697</subfield>
  </datafield>
  <datafield tag="952" ind1=" " ind2=" ">
    <subfield code="0">0</subfield>
    <subfield code="1">0</subfield>
    <subfield code="2">ddc</subfield>
    <subfield code="4">0</subfield>
    <subfield code="7">0</subfield>
    <subfield code="8">PBKH</subfield>
    <subfield code="a">BIP</subfield>
    <subfield code="b">PBKH</subfield>
    <subfield code="d">2026-04-19</subfield>
    <subfield code="e">W-52/1965</subfield>
    <subfield code="f">W</subfield>
    <subfield code="i">16351</subfield>
    <subfield code="l">0</subfield>
    <subfield code="o">16351</subfield>
    <subfield code="p">IPWK16664</subfield>
    <subfield code="r">2026-04-19 19:50:52</subfield>
    <subfield code="w">2026-04-19</subfield>
    <subfield code="y">BK_NM</subfield>
  </datafield>
</record>
